000
00212nam a22001217a 4500
040
_c
SY
082
_a
616
100
_a
NA
245
_a
Fish pathology
260
_a
AIT
_b
NA
_c
NA
300
_a
86p.
942
_c
EK
999
_c
10324
_d
10324